| 000 | 00856cam a2200217 4500 | ||
|---|---|---|---|
| 001 | ABS64416 | ||
| 008 | 010904n2001 000 0 eng u | ||
| 035 | _a(Sirsi) u114419 | ||
| 100 | _aMoor, N | ||
| 245 | _aUnder the influence | ||
| 260 | _c2001 | ||
| 490 |
_aBuilding Homes _v July/August 2001, 30-31(2) |
||
| 520 | _aLooks at the increasing politicisation of planning and its implications, looking briefly at the need to modernise the planning system and for housebuilders to be involved in the debate in order to help bring about the required legal and administrative changes to alleviate planning delays. | ||
| 590 | _aABS | ||
| 650 | _aPLANNING SYSTEM | ||
| 650 | _aPLANNING REFORM | ||
| 650 | _aPOLITICAL INFLUENCE | ||
| 650 | _aGOVERNMENT POLICY | ||
| 690 | _aENVIRONMENTAL AND LAND CONSULTANCY-PLANNING AND DEVELOPMENT | ||
| 942 | _n0 | ||
| 999 |
_c68144 _d68144 |
||